Lịch sử 12

Αποθηκεύτηκε σε:
Λεπτομέρειες βιβλιογραφικής εγγραφής
Κύριος συγγραφέας: Đinh, Xuân Lâm
Μορφή: Βιβλίο
Γλώσσα:Undetermined
Έκδοση: Hà Nội Giáo Dục 2006
Θέματα:
Ετικέτες: Προσθήκη ετικέτας
Δεν υπάρχουν, Καταχωρήστε ετικέτα πρώτοι!
Thư viện lưu trữ: Trung tâm Học liệu Trường Đại học Cần Thơ
LEADER 00569nam a2200205Ia 4500
001 CTU_106776
008 210402s9999 xx 000 0 und d
020 |c 4400 
082 |a 907 
082 |b L102/T2/L12 
100 |a Đinh, Xuân Lâm 
245 0 |a Lịch sử 12 
245 0 |c Đinh Xuân Lâm, Nguyễn Xuân Minh, Trần Bá Đệ 
260 |a Hà Nội 
260 |b Giáo Dục 
260 |c 2006 
650 |a history 
650 |x study and teaching 
904 |i Tuyến 
980 |a Trung tâm Học liệu Trường Đại học Cần Thơ